Most Goals & Assists UEFA Europa League 2022/23 - Statistics

General Stats
  • This quiz has been taken 34 times
  • The average score is 7 of 24
Answer Stats
Category Goals Club Answer % Correct
Goals 5 AS Roma Paulo Dybala
90%
Goals 6 Manchester United Marcus Rashford
70%
Assists 3 Manchester United Bruno Fernandes
67%
Goals 4 AS Monaco Wissam Ben Yedder
57%
Goals 4 Sevilla Youssef En-Nesyri
53%
Goals 4 Juventus Ángel Di María
40%
Goals 6 Union Saint-Gilloise Victor Boniface
37%
Goals 4 AS Roma Lorenzo Pellegrini
30%
Assists 4 AS Roma Lorenzo Pellegrini
30%
Goals 5 Feyenoord Santiago Giménez
27%
Assists 4 AS Roma Tammy Abraham
27%
Assists 4 Trabzonspor Anastasios Bakasetas
23%
Assists 3 Stade Rennes Benjamin Bourigeaud
20%
Assists 3 FC Nantes Ludovic Blas
17%
Goals 4 Sporting Braga Vitinha
13%
Assists 3 PSV Eindhoven Cody Gakpo
10%
Assists 4 FC Midtjylland Evander
10%
Assists 3 Real Betis Juan Miranda
10%
Goals 4 Union Berlin Robin Knoche
10%
Assists 3 Feyenoord Sebastian Szymański
10%
Assists 3 Stade Rennes Amine Gouiri
7%
Assists 4 Union Saint-Gilloise Loïc Lapoussin
7%
Assists 3 Union Saint-Gilloise Simon Adingra
7%
Assists 4 Union Saint-Gilloise Teddy Teuma
7%
No matching quizzes found
Score Distribution
Percent of People with Each Score
Percentile by Number Answered
Your Score History
You have not taken this quiz